COMPUTER ANALYSIS OF SOUND SCENES AND EVENTS / (Record no. 589028)

000 -LEADER
fixed length control field 00338nam a22001337a 4500
020 ## - INTERNATIONAL STANDARD BOOK NUMBER
Qualifying information HB.
040 ## - CATALOGING SOURCE
Transcribing agency FIZZA ISHAQ
082 ## - DEWEY DECIMAL CLASSIFICATION NUMBER
Classification number 621.382
Author Mark MAR
100 ## - MAIN ENTRY--PERSONAL NAME
Personal name PLUMBLEY,D.MARK.
9 (RLIN) 90801
245 ## - TITLE STATEMENT
Title COMPUTER ANALYSIS OF SOUND SCENES AND EVENTS /
Statement of responsibility, etc. MARK D.PLUMBLEY.
260 ## - PUBLICATION, DISTRIBUTION, ETC.
Place of publication, distribution, etc. SPRINGER ;
Date of publication, distribution, etc. 2018.
300 ## - PHYSICAL DESCRIPTION
Extent 422 P. ;
942 ## - ADDED ENTRY ELEMENTS (KOHA)
Source of classification or shelving scheme
Koha item type Book
Holdings
Withdrawn status Lost status Source of classification or shelving scheme Damaged status Not for loan Permanent Location Current Location Date acquired Total Checkouts Full call number Barcode Date last seen Price effective from Koha item type
          NUST Baluchistan Campus (NBC) NUST Baluchistan Campus (NBC) 04/04/2022   621.382 MAR Q-3186 04/04/2022 04/04/2022 Book
© 2023 Central Library, National University of Sciences and Technology. All Rights Reserved.